Biblioteca

Jesús y la pobreza en América Latina (Registro nro. 68185)

Detalles MARC
000 -LÍDER
Campo fijo de descripción fija 01264nab a2200205 i 4500
001 - NÚMERO DE CONTROL
Campo de control 768714001
003 - IDENTIFICADOR DEL NÚMERO DE CONTROL
Campo de control CO-MdFUSB
005 - FECHA Y HORA DE LA ULTIMA TRANSACCIÓN
control field 20230112081551.0
008 - ELEMENTOS DE LONGITUD FIJA -- INFORMACIÓN GENERAL
Campo fijo de descripción fija -- Información general 220919s1988 gt ||||| |||| 00| 0 spa d
040 ## - FUENTE DE CATALOGACIÓN
Idioma de catalogación spa
Agencia que realiza la transcripción CO-MdFUSB
Agencia que realiza la modificación CO-MdFUSB
041 ## - CÓDIGO DE IDIOMA
Código de idioma para texto/pista de sonido o título separado spa
100 ## - ASIENTO PRINCIPAL--NOMBRE PERSONAL
Nombre personal Reyes V., George,
Término relacionador autor
245 ## - TÍTULO
Título Jesús y la pobreza en América Latina
Mención de responsabilidad / George Reyes V.
300 ## - DESCRIPCIÓN FÍSICA
Extensión Número 3 (Julio - Diciembre, 1988), páginas 90-118
Dimensiones ; 22 cm
520 ## - NOTA DE RESUMEN, ETC.
Nota de sumario, etc. La teología evangélica conservadora debe responder, con base en la Palabra, a las prioridades del contexto histórico de América Latina. Una de esas prioridades, que exige una respuesta bíblica- teológica -pastoral, es la realidad de pobreza de una gran mayoría de latinoamericanos.<br/>El presente ensayo intenta responder este gran desafío y para el efecto, se procura penetrar en la vida y obra de Jesús desde el evangelio de Marcos. La implicación final es que los evangélicos latinoamericanos debemos seguir el ejemplo de Jesús en la situación actual de pobreza.
600 07 - PUNTO DE ACCESO ADICIONAL DE MATERIA - NOMBRE DE PERSONA
Nombre de persona Jesucristo
650 #0 - ASIENTO SECUNDARIO DE MATERIA - TERMINO TEMÁTICO
9 (RLIN) 691
Término temático o nombre geográfico como elemento de entrada Pobreza
Subdivisión geográfica América Latina
773 0# - ASIENTO DE ITEM FUENTE
Biblionumber 49489
Itemnumber 80007
Otro identificador del ítem R2086
Título Kairós
Número de control del registro (CO-MdFUSB)24
Número Internacional Normalizado para Publicaciones Seriadas (ISSN) 1014-9341
Parte(s) relacionada(s) / Volumen., número. (mes año), páginas Número 3 (Julio - Diciembre, 1988), páginas 90-118
Enumeración y primera página páginas 90
942 ## - TIPO DE MATERIAL (KOHA)
Tipo de Item KOHA Artículos de Revista

No hay ítems disponibles.

Biblioteca FUSBC | Teléfono: (57+4) 349 88 10 Ext. 141| WhatsApp (+57) 3005338115 
E-mail: biblioteca@unisbc.edu.co | Calle 76 87-14 Robledo Palenque, Medellín, Colombia

Con tecnología Koha